01232nam a2200301 a 450000100060000000300080000600500170001400800410003103500190007204000230009104100080011408200220012224501310014426000380027530000340031350000960034750400300044360000380047365000250051165000210053670000340055770000610059170000300065271000810068294200120076399900170077595201380079250016BD-RjUL20211209075438.0160823s1965 enka b 010 0 eng d a(BD-RjUL)50136 aNUNbengcNUNdXSC aeng04a364220bCRI 196500aCriminology in transition :bessays in honour of Hermann Mannheim /cedited by Tadeusz Grygier, Howard Jones, John C. Spencer. aLondon :bTavistock Pubs.,c1965. axix, 308 p. :bill. ;c23 cm. a"Published under the auspices of the Institute for the Study and Treatment of Delinquency". aBibliography: p. 295-301.10aMannheim, Hermann,d1889-9149890 0aCriminology.9149891 0aPrisons.91498921 aJones, Howard,d1918-91498931 aSpencer, John C.q(John Carrington),d1915-1978.91498941 aGrygier, Tadeusz.91498952 aInstitute for the Study and Treatment of Delinquency (Great Britain)9142344 2ddccBK c50016d50016 00102ddc40708NFICaRUCLbRUCLcStackd1973-08-09eMitali Proka.g66.50l0o364 CRI 1965r2016-08-23 00:00:00tC-2w2016-08-23yBK